LEADER 01179nam a2200289 u 4500 001 000000031704 003 CaOOAMICUS 005 20070226112153.0 008 971007s1962 it u000 u ita u 035 $a10771786 040 $aPUL$bita 041 1 $aita$hger 100 1 $aWikenhauser, Alfred,$dn. 1883.$0(OLS)http://pul/name/19826 245 12$aL'evangelo secondo Giovanni /$ctradotto e commentato da Alfred Wikenhauser. 250 $a2. ed. /$ba cura di Giovanni Rinaldi. 260 $aBrescia :$bMorcelliana,$c1962. 300 $a482 p. ;$c22 cm 490 1 $aIl Nuovo Testamento commentato ;$v4 700 1 $aRinaldi, Giovanni.$0(OLS)http://pul/name/12979 730 0 $aBiblia.$pN.T.$pIohannes.$lItaliano.$0(OLS)http://pul/title/158599 830 3$aIl Nuovo Testamento commentato ;$v4.$0(OLS)http://pul/title/43471 850 $aPUL 852 $aPUL$W1$xSL Religione 1$y3$m1(7) Q 4$j43749$nBK-PRI$b $qStampati$B43749$CPULBib$Z2$F43749 $H $81 941 1 $a8 961 $aINV: 26008 996 $6245$aL'evangelo secondo Giovanni$9(OLS)http://pul/title/43623 996 $6260$aBrescia :$bMorcelliana$9(OLS)http://pul/publisher/47854 LEADER 01664nam a2200325 u 4500 001 000000055781 003 CaOOAMICUS 005 20070226120410.0 008 010314s2000 it u000 u lat u 035 $a10869342 040 $aPUL$bita 100 1 $aNsuka-Nkoko, Ioannes Baptista.$0(OLS)http://pul/name/39192 245 10$aChristifidelium officia in quibusdam Sancti Cypriani libellis eorumque fontibus /$cIoannes Baptista Nsuka-Nkoko. 260 $aRomae :$b[s.n.],$c2000. 300 $a94 p. ;$c26 cm 490 1 $aPontificia Studiorum Universitas Salesiana, Facultas Litterarum Christianarum et Classicarum (Pontificium Institutum Altioris Latinitatis). Thesis ad Doctoratum ;$v450 500 $aIn testa al front.: Pontificia Studiorum Universitas Salesiana. 500 $aIn calce al front.: Excerptum e Dissertatione ad Doctoratum. 504 $a"Bibliographia": p. 76-90. 710 2 $aPontificia Università Salesiana.$0(OLS)http://pul/name/7805 830 0$aThesis ad doctoratum (Pontificia Studiorum Universitas Salesiana. Facultas litterarum christianarum et classicarum) ;$v450.$0(OLS)http://pul/title/71712 850 $aPUL 852 $aPUL$W1$xDP1 Tesi Pon. Univ. Salesiana$y46$mTH SAL 450$j188236$nBK-PRI$b $qTesi$B73302$CPULBib$Z2$F73302 $82 910 $aPontificio Ateneo Salesiano$97805 910 $aPontificio Ateneo Salesiano$97805 910 $aUniversità Pontificia Salesiana$97805 941 1 $a16 961 $aINV: 83924 996 $6245$aChristifidelium officia in quibusdam Sancti Cypriani libellis eorumque fontibus$9(OLS)http://pul/title/74654 996 $6260$aRomae :$b[s.n.]$9(OLS)http://pul/publisher/48223